000 00786nam a2200253Ia 4500
003 OSt
005 20221005092811.0
006 a|||||r|||| 00| 0
007 ta
008 221004b |||||||| |||| 00| 0 eng d
020 _a9780387322155 (hbk)
_c3643.54
024 _a86510
037 _b1861, 07/11/2007, The Book Seller
_cTextual
040 _aCRL
_cCRL
_beng
041 _2eng
_aeng
082 _aV:71, P6
100 _aRussel Ian Ed.
_9617773
245 0 _aImages, representations and heritage
_b moving beyond modern approaches to archaeology
260 _aNew York
_bSpringer USA
_c2006
300 _axxiii,389p.
_ccm.
650 _aHISTORY
942 _hV:71, P6
_cTEXL
_2cc
999 _c999365
_d999365